000 00911cab a2200253 4500
001 WB3325-13
008 090401t1997 xxu||||| |||| 00| 0 eng d
035 _a(Sirsi) u79270
041 _aeng
245 _a`Super-prime` property
260 _c1997
350 _a0
490 _aProperty Week
_v59(10) 27 June 1997, 7(1)
520 _aColliers Erdman Lewis` "Midsummer Retail Report 1997" shows that investors are failing to differentiate between prime and `super-prime` retail property and as a result are paying too much for prime property.
650 _aCOLLIERS ERDMAN LEWIS
650 _aPRIME RETAIL PROPERTY
650 _aPROPERTY-COMMERCIAL PROPERTY-RETAIL PROPERTY-RETAIL PROPERTY MARKET
650 _aRETAIL PROPERTY
650 _aRETAIL RENTS
650 _aSUPER-PRIME RETAIL PROPERTY
690 _aPROPERTY-COMMERCIAL PROPERTY-RETAIL PROPERTY
942 _n0
948 _c27/06/1997
999 _c49835
_d49835